Statistics for Part of Your World: Lyrics

Click here to take the quiz!

General Stats

  • This quiz has been taken 503 times
  • The average score is 164 of 243

Answer Stats

Answer% Correct
I
100%
a
99%
who
99%
you
99%
(You
99%
the
98%
The
98%
'o
97%
it
94%
What
92%
what
92%
would
91%
my
90%
be
88%
To
87%
to
87%
at
86%
Look
86%
on
86%
this
86%
want
86%
Want
86%
where
86%
and
85%
And
85%
everything
85%
everything?
85%
Isn't
85%
girl
84%
I'm
84%
think
84%
Wouldn't
84%
stuff
83%
collection's
82%
has
82%
people
82%
are
81%
complete?
81%
got
81%
neat?
81%
'em
80%
around
78%
dancin'
77%
see
77%
I've
76%
walk
76%
How
75%
of
75%
can
74%
many
74%
more
74%
Treasures
73%
But
72%
gadgets
72%
one
72%
hold?
71%
No
71%
that
71%
twenty)
71%
in
70%
untold
70%
big
69%
cares?
69%
deal,
69%
gizmos
69%
Part
69%
wonders
69%
Up
68%
(What's
68%
What's
68%
world
68%
cavern
67%
galore
65%
Walkin'
65%
your
65%
she's
64%
day
63%
They
62%
they
62%
Lookin'
61%
those
61%
trove
61%
all
60%
aplenty
60%
sun
60%
run
59%
(Sure)
59%
could
58%
here
58%
thingamabobs?
56%
word?)
56%
word
56%
get
55%
don't
54%
call
53%
stay
53%
street
53%
Wish
53%
you'd
51%
whozits
48%
Legs
47%
again?)
45%
whatzits
45%
far
44%
Flippin'
44%
free
44%
give
44%
Out
44%
fins
43%
for
43%
too
42%
jumpin'
41%
fire
40%
required
40%
burn?
39%
live
39%
sand?
39%
their
39%
spend
38%
If
37%
swimmin'
37%
Strollin'
36%
daughters
35%
'em)
35%
know
35%
Ready
35%
ready
35%
Sick
35%
Wanderin'
35%
waters?
35%
Bet
34%
some
34%
these
34%
Ask
33%
land
33%
women
33%
young
33%
along
32%
does
32%
down
32%
questions
32%
why
32%
answers
31%
Bright
31%
reprimand
31%
stand
31%
understand
31%
warm
31%
love
30%
Love
30%
pay
29%
turn?
29%
When's
28%
sea
27%
above?
26%
Betcha
26%
explore
26%
shore
25%
Outta
21%
oh - feet?
15%
(Whad'ya
15%

Score Distribution

Percentile by Number Answered

Percent of People with Each Score

Your Score History

You have not taken this quiz